[Event "NED-ch U14 Girls"]
[Site "Almelo"]
[Date "2021.08.04"]
[Round "4"]
[White "Yeh, Nora"]
[Black "Westerhof, Fleur"]
[Result "1/2-1/2"]
[WhiteElo "1650"]
[BlackElo "1502"]
[PlyCount "48"]
[EventDate "2021.08.01"]
[EventType "swiss"]
[EventRounds "6"]
[EventCountry "NED"]
[SourceTitle "EXT 2022"]
[Source "ChessBase"]
[SourceDate "2021.10.06"]
[SourceVersion "1"]
[SourceVersionDate "2021.10.06"]
[SourceQuality "1"]

1. d4 d5 2. Nf3 Nf6 3. Bf4 Bf5 4. e3 e6 5. c4 Bxb1 6. Rxb1 Bb4+ 7. Ke2 dxc4 8. Qa4+ Nc6 9. Ne5 Nd5 10. Nxc6 Qd7 11. a3 Bd6 12. Bxd6 cxd6 13. Qxc4 Rc8 14. Ke1 Rxc6 15. Qb3 Rb6 16. Qc2 0-0 17. Bd3 h6 18. Ke2 Rc8 19. Qd2 Qe7 20. Rhc1 Rbc6 21. Rxc6 Rxc6 22. Rc1 Qc7 23. Rxc6 Qxc6 24. Qc2 Qxc2+ 1/2-1/2

[Event "NED-ch U12 op"]
[Site "Borne"]
[Date "2019.08.10"]
[Round "12"]
[White "Feng, Elysia"]
[Black "Yeh, Nora"]
[Result "1-0"]
[WhiteElo "1314"]
[BlackElo "1161"]
[PlyCount "85"]
[EventDate "2019.08.05"]
[EventType "swiss"]
[EventRounds "13"]
[EventCountry "NED"]
[SourceTitle "EXT 2020"]
[Source "ChessBase"]
[SourceDate "2019.10.17"]
[SourceVersion "1"]
[SourceVersionDate "2019.10.17"]
[SourceQuality "1"]

1. e4 e5 2. Nf3 Nc6 3. Bb5 a6 4. Bxc6 dxc6 5. 0-0 Bd6 6. d4 exd4 7. Qxd4 f6 8. Re1 Ne7 9. e5 fxe5 10. Nxe5 Bxe5 11. Qxe5 Rf8 12. Qxg7 Qd6 13. Bg5 Be6 14. f4 Rf7 15. Qh8+ Rf8 16. Qxh7 Rf7 17. Qe4 Bd5 18. Qe5 Qc5+ 19. Qe3 Qd6 20. Nc3 Rh7 21. Rad1 Kd7 22. Bxe7 Rxe7 23. Qxe7+ Qxe7 24. Rxe7+ Kxe7 25. Nxd5+ cxd5 26. Rxd5 Rf8 27. g3 c6 28. Re5+ Kd6 29. Kg2 b5 30. c3 c5 31. h4 c4 32. h5 Rh8 33. g4 Rg8 34. Kf3 Rf8 35. g5 Rg8 36. h6 Rh8 37. Kg4 a5 38. Kf5 a4 39. g6 Rxh6 40. g7 Rh5+ 41. Ke4 Rxe5+ 42. fxe5+ Ke7 43. g8Q 1-0

[Event "NED-ch U12 op"]
[Site "Borne"]
[Date "2019.08.09"]
[Round "10"]
[White "Yeh, Nora"]
[Black "Pick, Max"]
[Result "0-1"]
[WhiteElo "1161"]
[BlackElo "1515"]
[PlyCount "118"]
[EventDate "2019.08.05"]
[EventType "swiss"]
[EventRounds "13"]
[EventCountry "NED"]
[SourceTitle "EXT 2020"]
[Source "ChessBase"]
[SourceDate "2019.10.17"]
[SourceVersion "1"]
[SourceVersionDate "2019.10.17"]
[SourceQuality "1"]

1. d4 d5 2. Nf3 Nf6 3. Bf4 e6 4. e3 Bd6 5. Bg3 c5 6. Nbd2 Nc6 7. Be2 cxd4 8. exd4 0-0 9. 0-0 Bxg3 10. hxg3 Ne4 11. Bd3 Nf6 12. c3 Re8 13. Re1 Qc7 14. Qc2 h6 15. Ne5 Bd7 16. Ndf3 Rac8 17. Rac1 Qd6 18. Qd2 Rc7 19. Nxc6 Bxc6 20. Ne5 Rec8 21. Nxc6 bxc6 22. Qf4 Qxf4 23. gxf4 c5 24. dxc5 Rxc5 25. f5 R8c6 26. fxe6 fxe6 27. Bc2 d4 28. Rcd1 dxc3 29. bxc3 Rxc3 30. Bg6 Kf8 31. Rd8+ Ke7 32. Rb8 Rc1 33. Rxc1 Rxc1+ 34. Kh2 Kd6 35. Rb7 Rc7 36. Rb2 e5 37. Rd2+ Ke6 38. Re2 Rc3 39. g3 Kd5 40. Bf7+ Kd4 41. Rd2+ Ke4 42. Bg6+ Kf3 43. Kh3 e4 44. Bf5 Rc1 45. Kh2 g6 46. Be6 Rf1 47. a4 Rxf2+ 48. Rxf2+ Kxf2 49. Bc4 e3 50. a5 e2 51. Bxe2 Kxe2 52. Kh3 Kf3 53. a6 Kf2 54. g4 Kf3 55. Kh4 Nxg4 56. Kh3 Ne5 57. Kh4 g5+ 58. Kh3 g4+ 59. Kh2 g3+ 0-1